|
|
|
|
| LEADER |
01404nam a2200277 a 4500 |
| 001 |
12050 |
| 003 |
BD-DhAAL |
| 008 |
100210s19911976enk b 001 0 eng d |
| 999 |
|
|
|c 7446
|d 7446
|
| 010 |
|
|
|a 77352239
|
| 040 |
|
|
|a DLC
|c DLC
|d DLC
|d BD-DhAAL
|
| 082 |
0 |
0 |
|a 809
|2 17
|
| 245 |
0 |
0 |
|a Modernism :
|b 1890-1930 /
|c edited by Malcolm Bradbury and James McFarlane.
|
| 260 |
|
|
|a Harmondsworth ;
|a New York :
|b Penguin,
|c 1976 [Reprinted 1991]
|
| 300 |
|
|
|a 687 pages ;
|c 19 cm.
|
| 490 |
0 |
|
|a Pelican guides to European literature
|
| 504 |
|
|
|a Includes bibliographical references (pages 641-667.) and index.
|
| 541 |
|
|
|e 12050, 13583, 13584
|
| 650 |
|
0 |
|a Modernism (Literature)
|z Europe.
|9 40257
|
| 700 |
1 |
|
|a Bradbury, Malcolm,
|d 1932-
|9 40258
|
| 700 |
1 |
|
|a McFarlane, James Walter.
|9 40259
|
| 852 |
4 |
|
|a Ayesha Abed Library
|j General Stacks
|
| 942 |
|
|
|2 ddc
|c BK
|
| 952 |
|
|
|0 0
|1 4
|2 ddc
|4 1
|6 809_000000000000000_MOD
|7 0
|9 7984
|a BRACUL
|b BRACUL
|c SPS
|d 2010-02-10
|g 200.00
|l 2
|m 10
|o 809 MOD
|p 3010013584
|r 2017-07-23
|s 2017-05-07
|t 3
|w 2010-02-10
|y BK
|x Koha Inventory 2020
|
| 952 |
|
|
|0 0
|1 0
|2 ddc
|4 0
|6 809_000000000000000_MOD
|7 0
|9 8672
|a BRACUL
|b BRACUL
|c GEN
|d 2010-03-18
|g 1068.00
|l 7
|m 25
|o 809 MOD
|p 3010012050
|r 2025-10-12
|s 2025-06-15
|t 1
|w 2010-03-18
|y BK
|
| 952 |
|
|
|0 0
|1 4
|2 ddc
|4 1
|6 809_000000000000000_MOD
|7 0
|9 22552
|a BRACUL
|b BRACUL
|c SPS
|d 2013-05-30
|g 200.00
|l 1
|o 809 MOD
|p 3010013583
|r 2014-05-22
|s 2014-05-07
|t 2
|w 2013-05-30
|y BK
|x Koha Inventory 2020
|